|
|
|
|
| LEADER |
01374cam a2200277 7i4500 |
| 001 |
0000002694 |
| 005 |
20100131090000.0 |
| 008 |
100131s1974 my eng |
| 090 |
0 |
0 |
|a SH 307 .M3
|b M6 1974
|
| 245 |
0 |
0 |
|a Demersal fish resources in Malaysian waters :
|b 2. Trawl survey of the coastal waters off the west coast of Peninsular Malaysia (12th December, 1970-22nd January, 1971)
|c by Mohammed Shaari bin Sam Abdul Latiff ... (et al.).
|
| 260 |
0 |
0 |
|a Kuala Lumpur:
|b Ministry of Agriculture and Rural Development,
|c 1974.
|
| 300 |
# |
# |
|a 41p.;
|c 25cm.
|
| 490 |
0 |
0 |
|a Fisheries bulletin;
|v 3
|
| 650 |
0 |
0 |
|a Fishery resource --
|z Malaysia, Semenanjung.
|
| 650 |
0 |
0 |
|a Fishes, Deep-sea.
|
| 700 |
0 |
1 |
|a Mohammed Shaari Sam Abdul Latiff
|
| 830 |
0 |
0 |
|a Fisheries bulletin (Malaysia. Kementerian Pertanian dan Pembangunan Luarbandar) ; v3
|
| 999 |
|
|
|a 1000381908
|b Book
|c Open Shelf
|e KOLEKSI TERBUKA
|
| 999 |
|
|
|a 1000085524
|b Book
|c Open Shelf
|e KOLEKSI TERBUKA
|
| 999 |
|
|
|a 1000085612
|b Book
|c Open Shelf
|e KOLEKSI TERBUKA
|
| 999 |
|
|
|a 1000085546
|b Book
|c Open Shelf
|e KOLEKSI TERBUKA
|
| 999 |
|
|
|a 1000394744
|b Book
|c Open Shelf
|e KOLEKSI TERBUKA
|
| 999 |
|
|
|a 1000394743
|b Book
|c Open Shelf
|e KOLEKSI TERBUKA
|
| 999 |
|
|
|a 1000394742
|b Book
|c Open Shelf
|e KOLEKSI TERBUKA
|
| 999 |
|
|
|a 1000394741
|b Book
|c Open Shelf
|e KOLEKSI TERBUKA
|
| 999 |
|
|
|a 1000394740
|b Book
|c Open Shelf
|e KOLEKSI TERBUKA
|